[Event "Zurich Korchnoi CC 2017"]
[Site "Zurich SUI"]
[Date "2017.04.13"]
[Round "1.1"]
[White "Kramnik, Vladimir"]
[Black "Anand, Viswanathan"]
[Result "1-0"]
[WhiteTitle "GM"]
[BlackTitle "GM"]
[WhiteElo "2811"]
[BlackElo "2786"]
[WhiteFideId "4101588"]
[BlackFideId "5000017"]
[EventDate "2017.04.13"]

1. c4 c5 2. g3 g6 3. Bg2 Bg7 4. Nc3 Nf6 5. e3 e6 6. d4 cxd4 7. exd4 O-O 8. Nf3
d5 9. b3 Ne4 10. Bb2 Nxc3 11. Bxc3 b6 12. cxd5 exd5 13. O-O Nc6 14. Ne5 Nxe5 15.
dxe5 Be6 16. Re1 Qd7 17. Qd2 Rac8 18. Bd4 Rc7 19. a4 Rfc8 20. Bf1 Bf8 21. Ba6
Rd8 22. h4 Bc5 23. b4 Bxd4 24. Qxd4 Qe7 25. Bd3 Kg7 26. a5 Rdc8 27. axb6 axb6
28. Bf1 b5 29. Bd3 Rc4 30. Bxc4 Qxb4 31. Rab1 Qxc4 32. Qd2 h5 33. Rbc1 Qb3 34.
Rxc8 Bxc8 35. Qf4 Bf5 36. e6 Bxe6 37. Qe5+ Kh7 38. Ra1 1-0

[Event "Zurich Korchnoi CC 2017"]
[Site "Zurich SUI"]
[Date "2017.04.13"]
[Round "1.2"]
[White "Nepomniachtchi, Ian"]
[Black "Svidler, Peter"]
[Result "1/2-1/2"]
[WhiteTitle "GM"]
[BlackTitle "GM"]
[WhiteElo "2751"]
[BlackElo "2747"]
[WhiteFideId "4168119"]
[BlackFideId "4102142"]
[EventDate "2017.04.13"]

1. e4 c5 2. Nf3 e6 3. d4 cxd4 4. Nxd4 Nc6 5. Nc3 a6 6. Nxc6 bxc6 7. e5 Qc7 8.
Bf4 f5 9. g4 Ne7 10. gxf5 Nxf5 11. Bd3 Be7 12. Bxf5 exf5 13. Rg1 O-O 14. Qh5 d5
15. O-O-O Kh8 16. Rd3 Be6 17. Rdg3 Rf7 18. Rh3 g5 19. Bxg5 f4 20. Bxf4 Raf8 21.
Ne2 Bxh3 22. Qxh3 Qc8 23. e6 Rxf4 24. Qg3 Rg8 25. Qxf4 Rxg1+ 26. Nxg1 Qxe6 27.
Nf3 Bd6 28. Qe3 Qf6 29. Kb1 Kg7 30. a3 a5 31. h3 h5 32. Qd3 Bc5 33. Qe2 Kh6 34.
h4 Qf5 35. Qa6 Qxf3 36. Qxc6+ Kg7 37. Qxc5 Qh1+ 38. Ka2 Qxh4 39. Qxd5 Qg4 40. c4
h4 41. c5 Kf6 42. Qd8+ Kf7 43. Qc7+ Kf6 44. Qd8+ Kf7 45. Qd3 Qe6+ 46. Kb1 Qe1+
47. Ka2 Qe6+ 48. Ka1 Qe1+ 49. Ka2 1/2-1/2

[Event "Zurich Korchnoi CC 2017"]
[Site "Zurich SUI"]
[Date "2017.04.13"]
[Round "1.3"]
[White "Gelfand, Boris"]
[Black "Oparin, Grigoriy"]
[Result "1/2-1/2"]
[WhiteTitle "GM"]
[BlackTitle "GM"]
[WhiteElo "2724"]
[BlackElo "2604"]
[WhiteFideId "2805677"]
[BlackFideId "24125890"]
[EventDate "2017.04.13"]

1. d4 Nf6 2. c4 e6 3. Nf3 d5 4. Nc3 Be7 5. Bf4 O-O 6. e3 Nbd7 7. Be2 dxc4 8. O-O
a6 9. a4 c5 10. d5 Nxd5 11. Nxd5 exd5 12. Qxd5 Nf6 13. Qe5 Be6 14. Ng5 Bd7 15.
Bxc4 Qe8 16. a5 Bb5 17. b3 h6 18. Nf3 Rd8 19. Qf5 Qc6 20. Qc2 Nd5 21. Rad1 Nxf4
22. exf4 Qc7 23. Ne5 Bxc4 24. Qxc4 Bf6 25. b4 Bxe5 26. fxe5 Rxd1 27. Rxd1 Rd8
28. Rxd8+ Qxd8 29. h3 cxb4 30. Qxb4 Qc7 31. f4 1/2-1/2

[Event "Zurich Korchnoi CC 2017"]
[Site "Zurich SUI"]
[Date "2017.04.14"]
[Round "2.3"]
[White "Svidler, Peter"]
[Black "Gelfand, Boris"]
[Result "1/2-1/2"]
[WhiteTitle "GM"]
[BlackTitle "GM"]
[WhiteElo "2747"]
[BlackElo "2724"]
[WhiteFideId "4102142"]
[BlackFideId "2805677"]
[EventDate "2017.04.13"]

1. Nf3 c5 2. c4 Nf6 3. g3 d5 4. cxd5 Nxd5 5. Bg2 Nc6 6. Nc3 g6 7. Ng5 e6 8. d3
Bg7 9. Nge4 b6 10. Qa4 Bb7 11. Bg5 f6 12. Bf4 Nxf4 13. Nxf6+ Kf7 14. gxf4 Bxf6
15. Bxc6 Bxc3+ 16. bxc3 Qf6 17. d4 Bxc6 18. Qxc6 Qxf4 19. e3 Qf6 20. Qc7+ Qe7
21. Qf4+ Qf6 22. Qc7+ Qe7 23. Qf4+ Qf6 1/2-1/2

[Event "Zurich Korchnoi CC 2017"]
[Site "Zurich SUI"]
[Date "2017.04.14"]
[Round "2.4"]
[White "Kramnik, Vladimir"]
[Black "Nepomniachtchi, Ian"]
[Result "1/2-1/2"]
[WhiteTitle "GM"]
[BlackTitle "GM"]
[WhiteElo "2811"]
[BlackElo "2751"]
[WhiteFideId "4101588"]
[BlackFideId "4168119"]
[EventDate "2017.04.13"]

1. d4 Nf6 2. Nf3 g6 3. Bg5 Bg7 4. e3 O-O 5. Nbd2 d6 6. c3 c5 7. Bd3 b6 8. O-O
Bb7 9. Re1 Nc6 10. h3 Rc8 11. Qe2 Rc7 12. a3 Qc8 13. e4 cxd4 14. cxd4 Nd7 15. e5
dxe5 16. d5 Nd4 17. Nxd4 exd4 18. Bxe7 Re8 19. d6 Rc5 20. f4 Nf6 21. Nb3 Rc6 22.
Rac1 Nd5 23. Bb5 Nxf4 24. Qg4 Rxc1 25. Nxc1 d3 26. Nxd3 Nxd3 27. Qxc8 Bxc8 28.
Rd1 Nxb2 29. Rc1 Bd4+ 30. Kf1 Nd3 31. Bxd3 Be6 32. Bb5 Rb8 33. d7 a6 34. Rd1
Bxd7 35. Bxd7 Be5 36. Rd5 Bb2 37. Bd6 Ra8 38. Rd2 Ba1 39. Bc7 b5 40. Ba5 Bf6 41.
Re2 Kg7 42. Kf2 Bd4+ 43. Kf3 Bc5 44. Bc3+ Kf8 45. Bb4 Bxb4 46. axb4 Rd8 47. Bc6
Rd4 48. Re8+ Kg7 49. Re7 Rxb4 50. Bd5 Kf6 51. Rxf7+ Ke5 52. Bb7 a5 53. Rxh7 a4
54. Bc6 a3 55. Bxb5 Rxb5 56. Ra7 Rb3+ 57. Kg4 Kd4 58. Kg5 Kc3 1/2-1/2

[Event "Zurich Korchnoi CC 2017"]
[Site "Zurich SUI"]
[Date "2017.04.14"]
[Round "3.1"]
[White "Nepomniachtchi, Ian"]
[Black "Anand, Viswanathan"]
[Result "1-0"]
[WhiteTitle "GM"]
[BlackTitle "GM"]
[WhiteElo "2751"]
[BlackElo "2786"]
[WhiteFideId "4168119"]
[BlackFideId "5000017"]
[EventDate "2017.04.13"]

1. c4 c5 2. Nc3 Nc6 3. Nf3 Nf6 4. g3 d5 5. cxd5 Nxd5 6. Bg2 g6 7. Ng5 e6 8. Nge4
f5 9. Nxd5 exd5 10. Nc3 d4 11. Nd5 Bd6 12. d3 Be6 13. h4 Be5 14. Nf4 Bf7 15. Bd2
Rc8 16. Rc1 b6 17. O-O Bxf4 18. Bxf4 Bd5 19. e4 dxe3 20. fxe3 O-O 21. Bg5 Qd6
22. e4 Bxa2 23. exf5 gxf5 24. b3 Nd4 25. Bf4 Qe6 26. Re1 Qf7 27. b4 Bd5 28. bxc5
Bxg2 29. Kxg2 Rxc5 30. Rxc5 bxc5 31. Qa4 Rc8 32. Kh3 Ne6 33. Re5 c4 34. Qa6
Nxf4+ 35. gxf4 Rc7 36. Re2 c3 37. Qd6 Qd7 38. Rg2+ Kf7 39. Qe5 Qc6 40. Qg7+ Ke8
41. Re2+ 1-0

[Event "Zurich Korchnoi CC 2017"]
[Site "Zurich SUI"]
[Date "2017.04.14"]
[Round "3.2"]
[White "Gelfand, Boris"]
[Black "Kramnik, Vladimir"]
[Result "1/2-1/2"]
[WhiteTitle "GM"]
[BlackTitle "GM"]
[WhiteElo "2724"]
[BlackElo "2811"]
[WhiteFideId "2805677"]
[BlackFideId "4101588"]
[EventDate "2017.04.13"]

1. d4 Nf6 2. c4 e6 3. Nc3 d5 4. cxd5 Nxd5 5. e4 Nxc3 6. bxc3 c5 7. Nf3 cxd4 8.
cxd4 Bb4+ 9. Bd2 Bxd2+ 10. Qxd2 O-O 11. Rc1 b6 12. Bd3 Bb7 13. O-O Nd7 14. Qf4
h6 15. h4 Rc8 16. Rxc8 Qxc8 17. Rc1 Qb8 18. Qxb8 Rxb8 19. Rc7 Nf6 20. Ne5 Bxe4
21. Bxe4 Nxe4 22. Rxf7 a5 23. Rc7 b5 24. f3 Nd6 25. Ra7 a4 26. h5 Nf5 27. Nc6
Rc8 28. Ra6 Kh7 29. Kf2 b4 30. g4 b3 31. axb3 axb3 32. gxf5 b2 33. Rb6 Rxc6 34.
Rxb2 exf5 35. Ke3 Rc3+ 36. Kf4 g5+ 37. Kxf5 Rxf3+ 38. Ke4 Rf1 39. Rb7+ Kg8 40.
d5 g4 41. Rb6 Kf7 42. Rxh6 g3 43. Rg6 Rh1 44. Rxg3 Rxh5 45. Kd4 Ke7 46. Kc5 Rh6
47. Rg7+ Kd8 1/2-1/2

[Event "Zurich Korchnoi CC 2017"]
[Site "Zurich SUI"]
[Date "2017.04.14"]
[Round "3.4"]
[White "Pelletier, Yannick"]
[Black "Oparin, Grigoriy"]
[Result "1/2-1/2"]
[WhiteTitle "GM"]
[BlackTitle "GM"]
[WhiteElo "2541"]
[BlackElo "2604"]
[WhiteFideId "1301837"]
[BlackFideId "24125890"]
[EventDate "2017.04.13"]

1. Nf3 Nf6 2. c4 e6 3. g3 d5 4. d4 Bb4+ 5. Bd2 Be7 6. Bg2 O-O 7. O-O Nbd7 8. Qc2
Ne4 9. Nc3 Nxd2 10. Nxd2 c6 11. Rfd1 Rb8 12. Rac1 f5 13. e3 Nf6 14. Nf3 Bd6 15.
Ne2 Qe7 16. Nf4 Bd7 17. Nd3 Be8 18. Nfe5 g5 19. f4 gxf4 20. gxf4 Bh5 21. Bf3
Bxf3 22. Nxf3 Kh8 23. c5 Bc7 24. Kh1 Rg8 25. Rg1 Ng4 26. Qe2 Rg6 27. Rg3 Rbg8
28. Rcg1 Qf8 29. Nf2 R6g7 30. h3 Nf6 31. Rxg7 Rxg7 32. Qd1 h6 33. Rxg7 Qxg7 34.
Qg1 Ne4 35. Qxg7+ Kxg7 36. Kg2 b6 37. cxb6 axb6 38. Nxe4 fxe4 39. Ng1 Bd6 40.
Ne2 Kf6 41. Kf2 c5 42. b3 cxd4 43. Nxd4 e5 44. fxe5+ Bxe5 45. Nc2 Ke6 46. a4 Kd6
47. Ke2 Bc3 48. Kf2 Kc5 49. Ke2 Kd6 1/2-1/2

[Event "Zurich Korchnoi CC 2017"]
[Site "Zurich SUI"]
[Date "2017.04.15"]
[Round "4.2"]
[White "Svidler, Peter"]
[Black "Pelletier, Yannick"]
[Result "1/2-1/2"]
[WhiteTitle "GM"]
[BlackTitle "GM"]
[WhiteElo "2747"]
[BlackElo "2541"]
[WhiteFideId "4102142"]
[BlackFideId "1301837"]
[EventDate "2017.04.13"]

1. Nf3 Nf6 2. g3 d5 3. Bg2 c6 4. O-O Bg4 5. h3 Bh5 6. c4 e6 7. d4 Nbd7 8. cxd5
exd5 9. Qb3 Qb6 10. Qe3+ Be7 11. Nh4 Bg6 12. Nxg6 hxg6 13. Nc3 Qd8 14. Qd3 O-O
15. Bf4 Re8 16. Rad1 Qa5 17. a3 a6 18. Rfe1 Rad8 19. b4 Qb6 20. Na4 Qa7 21. Nc5
a5 22. Bd2 b6 23. Nxd7 Rxd7 24. bxa5 bxa5 25. Rc1 c5 26. dxc5 Bxc5 27. e3 Rb8
28. Rb1 a4 29. Bc3 Rxb1 30. Rxb1 d4 31. Bxd4 Bxd4 32. exd4 Qxd4 33. Qc2 Rd8 34.
Bf1 Qe4 35. Qxe4 Nxe4 36. Rb4 f5 37. Rxa4 Rd1 38. Kg2 1/2-1/2

[Event "Zurich Korchnoi CC 2017"]
[Site "Zurich SUI"]
[Date "2017.04.15"]
[Round "5.1"]
[White "Gelfand, Boris"]
[Black "Anand, Viswanathan"]
[Result "0-1"]
[WhiteTitle "GM"]
[BlackTitle "GM"]
[WhiteElo "2724"]
[BlackElo "2786"]
[WhiteFideId "2805677"]
[BlackFideId "5000017"]
[EventDate "2017.04.13"]

1. c4 c5 2. g3 g6 3. Bg2 Bg7 4. Nc3 Nc6 5. Nf3 e6 6. d4 Nxd4 7. Bf4 Ne7 8. Nxd4
cxd4 9. Nb5 e5 10. Nd6+ Kf8 11. Bd2 Qb6 12. Nxc8 Rxc8 13. Qb3 f5 14. Bxb7 Rc7
15. Bg2 e4 16. O-O Kf7 17. Rfc1 Rhc8 18. Bf4 Qxb3 19. axb3 Rb7 20. Bd6 Ke6 21.
c5 Rxb3 22. Rxa7 Nc6 23. Ra2 Be5 24. Bxe5 Kxe5 25. f3 d3 26. exd3 Nb4 27. d4+
Kxd4 28. Ra7 d5 29. fxe4 fxe4 30. Rd1+ Rd3 31. Rda1 Rxc5 32. Bf1 Rd2 33. Rxh7
Nd3 34. b4 Rcc2 35. b5 Ne5 36. Ra4+ Kc5 0-1

[Event "Zurich Korchnoi CC 2017"]
[Site "Zurich SUI"]
[Date "2017.04.15"]
[Round "5.3"]
[White "Pelletier, Yannick"]
[Black "Kramnik, Vladimir"]
[Result "1/2-1/2"]
[WhiteTitle "GM"]
[BlackTitle "GM"]
[WhiteElo "2541"]
[BlackElo "2811"]
[WhiteFideId "1301837"]
[BlackFideId "4101588"]
[EventDate "2017.04.13"]

1. c4 e6 2. g3 d5 3. Bg2 Nf6 4. Nf3 Be7 5. d4 O-O 6. O-O dxc4 7. Qc2 a6 8. a4
Bd7 9. Qxc4 Bc6 10. Bg5 Nbd7 11. Nc3 h6 12. Bxf6 Nxf6 13. Rfe1 Bd5 14. Nxd5 exd5
15. Qb3 Rb8 16. Ne5 c6 17. Rac1 a5 18. e3 Bd6 19. e4 Bb4 20. Re2 dxe4 21. Bxe4
Qxd4 22. Rd1 Qc5 23. Nd7 Nxd7 24. Rxd7 Qh5 25. Re3 Kh8 26. Kg2 f5 27. Bb1 Rbd8
28. Rxd8 Rxd8 29. Re5 Rf8 30. Qe6 Qf7 31. Qxf7 Rxf7 32. Bxf5 g5 33. g4 Re7 34.
Rxe7 1/2-1/2

[Event "Zurich Korchnoi CC 2017"]
[Site "Zurich SUI"]
[Date "2017.04.15"]
[Round "5.4"]
[White "Oparin, Grigoriy"]
[Black "Svidler, Peter"]
[Result "0-1"]
[WhiteTitle "GM"]
[BlackTitle "GM"]
[WhiteElo "2604"]
[BlackElo "2747"]
[WhiteFideId "24125890"]
[BlackFideId "4102142"]
[EventDate "2017.04.13"]

1. e4 c5 2. Nf3 d6 3. d4 cxd4 4. Nxd4 Nf6 5. Nc3 a6 6. h4 e5 7. Nb3 Be6 8. f4 g6
9. Be2 Nbd7 10. g4 h5 11. g5 Ng4 12. Rf1 exf4 13. Bxf4 Nde5 14. Qd2 Qc7 15.
O-O-O Rd8 16. Nd5 Bxd5 17. Qxd5 Bg7 18. Nd4 O-O 19. Kb1 Rfe8 20. c3 Rc8 21. Bxg4
hxg4 22. h5 gxh5 23. Nf5 Re6 24. Rh1 Ng6 25. Bg3 Qb6 26. Nxg7 Kxg7 27. Rxh5 Qe3
28. Bxd6 Qxe4+ 29. Qxe4 Rxe4 30. Rhh1 Nf4 31. Rdf1 Nh3 32. Rf5 Rc6 33. Rd1 Re6
34. Bg3 Kg6 35. Rff1 Re3 36. Bb8 Rf3 37. Rxf3 gxf3 38. Rf1 f2 39. Bg3 Rc5 40.
Kc2 Rxg5 0-1

[Event "Zurich Korchnoi CC 2017"]
[Site "Zurich SUI"]
[Date "2017.04.16"]
[Round "6.2"]
[White "Kramnik, Vladimir"]
[Black "Oparin, Grigoriy"]
[Result "1/2-1/2"]
[WhiteTitle "GM"]
[BlackTitle "GM"]
[WhiteElo "2811"]
[BlackElo "2604"]
[WhiteFideId "4101588"]
[BlackFideId "24125890"]
[EventDate "2017.04.13"]

1. Nf3 Nf6 2. d4 e6 3. e3 d5 4. Bd3 b6 5. O-O Bb7 6. b3 Bd6 7. Bb2 O-O 8. Nbd2
c5 9. dxc5 Bxc5 10. Qe2 Nbd7 11. c4 dxc4 12. Nxc4 Qe7 13. Rad1 Rfd8 14. Nd4 Ne4
15. Kh1 Qh4 16. Bxe4 Qxe4 17. f3 Qh4 18. Nb5 Nf6 19. Be5 Nd5 20. e4 Nf4 21. Qc2
Qg5 22. Bc7 Rdc8 23. Bxf4 Qxf4 24. Qe2 Bc6 25. a4 h5 26. Nd4 Be8 27. Nb5 Bc6 28.
Rd3 a6 29. Nbd6 Rd8 30. Rfd1 h4 31. Qd2 Qxd2 32. R3xd2 f6 33. Rd3 Ra7 34. e5
Rad7 35. b4 Bxb4 36. Nxb6 Ra7 37. exf6 gxf6 38. h3 a5 39. Rd4 Ra6 40. Ndc8 Rxd4
41. Rxd4 e5 42. Rxh4 e4 43. fxe4 Bc5 44. e5 Rxb6 45. Nxb6 Bxb6 46. exf6 Be3 47.
Rc4 Bd5 48. Rc7 Bf7 49. h4 Bd4 50. Rc6 Bb3 51. Rd6 Be5 52. Ra6 Bc3 53. h5 Kf7
54. h6 Kg6 55. f7+ Kxf7 56. g4 Bxa4 57. g5 Bc2 58. Kh2 Bd3 59. Ra7+ Kg6 60. h7
Kxg5 61. Rxa5+ Kh6 1/2-1/2

[Event "Zurich Korchnoi CC 2017"]
[Site "Zurich SUI"]
[Date "2017.04.16"]
[Round "6.3"]
[White "Nepomniachtchi, Ian"]
[Black "Pelletier, Yannick"]
[Result "1-0"]
[WhiteTitle "GM"]
[BlackTitle "GM"]
[WhiteElo "2751"]
[BlackElo "2541"]
[WhiteFideId "4168119"]
[BlackFideId "1301837"]
[EventDate "2017.04.13"]

1. c4 Nf6 2. Nc3 c5 3. g3 e6 4. Nf3 b6 5. Bg2 Bb7 6. O-O Be7 7. Re1 d6 8. d4
cxd4 9. Nxd4 Bxg2 10. Kxg2 O-O 11. e4 a6 12. b3 Qc7 13. Bb2 Nbd7 14. f4 Rfe8 15.
Qf3 Bf8 16. Rad1 Rac8 17. Re2 Qb8 18. g4 e5 19. Nf5 g6 20. Ng3 exf4 21. Qxf4 Re6
22. g5 Ne8 23. Nd5 Ne5 24. Rf2 Rc7 25. Nxc7 Qxc7 26. Ne2 Bg7 27. Nc3 Qb7 28. Nd5
Nc7 29. Ba3 Qb8 30. Ne3 Ne8 31. Ng4 Re7 32. Nh6+ Bxh6 33. gxh6 Re6 34. Bb2 f6
35. Rd5 Nf7 36. Qg4 Nc7 37. Rd3 Qe8 38. Rxf6 Nxh6 39. Rxe6 Nxe6 40. Qh4 Nf7 41.
Qf6 Qd7 42. Kg1 Kf8 43. e5 1-0

[Event "Zurich Korchnoi CC 2017"]
[Site "Zurich SUI"]
[Date "2017.04.16"]
[Round "7.3"]
[White "Oparin, Grigoriy"]
[Black "Nepomniachtchi, Ian"]
[Result "0-1"]
[WhiteTitle "GM"]
[BlackTitle "GM"]
[WhiteElo "2604"]
[BlackElo "2751"]
[WhiteFideId "24125890"]
[BlackFideId "4168119"]
[EventDate "2017.04.13"]

1. e4 c5 2. Nf3 d6 3. d4 cxd4 4. Nxd4 Nf6 5. Nc3 a6 6. Qd3 Nbd7 7. Be2 g6 8. Bg5
Bg7 9. O-O-O h6 10. Bh4 O-O 11. Kb1 Qc7 12. Qe3 b5 13. g4 Bb7 14. g5 hxg5 15.
Bxg5 b4 16. Nd5 Bxd5 17. exd5 Nxd5 18. Qe4 N7f6 19. Bxf6 Nxf6 20. Qg2 Rfc8 21.
h4 e5 22. h5 exd4 23. Bd3 Nxh5 24. Rxh5 gxh5 25. Rg1 f5 26. Bc4+ d5 27. Qxd5+
Kh8 28. Bb3 d3 0-1

[Event "Zurich Korchnoi CC 2017"]
[Site "Zurich SUI"]
[Date "2017.04.16"]
[Round "7.4"]
[White "Svidler, Peter"]
[Black "Kramnik, Vladimir"]
[Result "1/2-1/2"]
[WhiteTitle "GM"]
[BlackTitle "GM"]
[WhiteElo "2747"]
[BlackElo "2811"]
[WhiteFideId "4102142"]
[BlackFideId "4101588"]
[EventDate "2017.04.13"]

1. e4 e5 2. Nf3 Nc6 3. Bb5 Nf6 4. O-O Nxe4 5. Re1 Nd6 6. Nxe5 Be7 7. Bf1 Nxe5 8.
Rxe5 O-O 9. Nc3 Ne8 10. d4 Bf6 11. Re1 d5 12. Bd3 c6 13. Ne2 g6 14. c3 Ng7 15.
Ng3 h5 16. h3 h4 17. Nf1 Bf5 18. Ne3 Bxd3 19. Qxd3 Re8 20. Bd2 Qd6 21. Ng4 Nf5
22. Qf3 Bg7 23. Bf4 Qf8 24. Bg5 f6 25. Bf4 Rxe1+ 26. Rxe1 Re8 27. Qd1 Rxe1+ 28.
Qxe1 Kf7 29. Kf1 Qe7 30. Qxe7+ 1/2-1/2